000 01284cam a2200349 i 4500
001 64691
003 Mx-PuUPA
005 20221129142247.0
008 160401s2003 sp gr 000 p spa d
017 _aM.23.547-2003
020 _a8467011718
040 _aMx-PuUPA
_bspa
_cMx-PuUPA
_dMx-PuUPA
_erda
041 0 _aspa
100 1 _912977
_aMilton, John,
_d1608-1674
_eautor
245 1 3 _aEl paraíso perdido /
_cJohn Milton ; traducción, Dionisio Sanjuán
264 1 _aMadrid, España :
_bEditorial Espasa Calpe,
_bEdiciones y Distribuciones Promo Libro,
_c2003
300 _a234 páginas ;
_c18 cm
336 _atexto
_btxt
_2rdacontent
337 _2rdamedia
_asin medio
_bn
338 _2rdacarrier
_avolumen
_bnc
490 0 _aGrandes Clásicos Universales
500 _aEdición especial para: Ediciones y Distribuciones Promo Libro, S.A. de C.V. -- Página legal
600 1 _aEva (Figura bíblica)
_vPoesía
600 1 _aAdán (Figura biblíca)
_vPoesía
650 7 _2armarc
_aPoesía épica
650 7 _2armarc
_aPoesía inglesa
700 1 _aSanjuán, Dionisio,
_etraductor
942 _2ddc
_cLI
_h821
_iM637
999 _c64691
_d64691